Tough gynes : violent women in film as honorary men /

Bibliographic Details
Main Author: Goff, Stan (Author)
Format: Book
Language:English
Published: Eugene, Oregon : Cascade Books, [2019]
Subjects:

MARC

Tag First Indicator Second Indicator Subfields
LEADER 00000cam a2200000Ii 4500
001 in00004172206
008 180423t20192019oru b 001 0 eng d
005 20250318214102.2
019 |a 1031958283 
020 |a 1532644086  |q (paperback) 
020 |a 1532644094  |q (hardcover) 
020 |a 9781532644085 
020 |a 9781532644092  |q (hardcover) 
035 |a (OCoLC)1031947888  |z (OCoLC)1031958283 
035 |a (OCoLC)on1031947888 
040 |a YDX  |b eng  |e rda  |c YDX  |d OCLCQ  |d YDXIT  |d OCLCF  |d EXN  |d PTS  |d UtOrBLW 
050 4 |a P96.V5  |b G64 2019 
082 0 4 |a 303.6  |2 23 
100 1 |a Goff, Stan,  |e author.  |0 http://id.loc.gov/authorities/names/n2003032778 
245 1 0 |a Tough gynes :  |b violent women in film as honorary men /  |c Stan Goff. 
246 3 0 |a Violent women in film as honorary men 
264 1 |a Eugene, Oregon :  |b Cascade Books,  |c [2019] 
264 4 |c ©2019 
300 |a xv, 132 pages ;  |c 23 cm 
336 |a text  |b txt  |2 rdacontent 
337 |a unmediated  |b n  |2 rdamedia 
338 |a volume  |b nc  |2 rdacarrier 
504 |a Includes bibliographical references (pages 123-126) and index. 
650 0 |a Violence in mass media.  |0 http://id.loc.gov/authorities/subjects/sh85143524 
852 8 |b pda,print  |z This title is available for the library to purchase for your use. Click the "Purchase It For Me" button to place a request. This item may take 5-10 business days to arrive. 
955 |a Print PDA title 
999 f f |s ad887322-7253-4a5d-880b-074132b6548a  |i 7009f1b9-cef2-3e03-a1b2-e93db6638da2  |t 0 
952 f f |a Texas A&M University  |b College Station  |c Sterling C. Evans Library  |d Purchase on Demand  |t 0  |e P96.V5 G64 2019  |h Library of Congress classification 
998 f f |a P96.V5 G64 2019  |t 0  |l Purchase on Demand